000
00248nam a2200097Ia 4500
001
789309
005
20250826170416.0
008
250824s9999 xx 000 0 und d
245
0
_a
KÜÇÜK PRENS
_c
ANTOINE DE SAINT-EXUPERY
260
_b
PANAMA YAYINLARI
999
_c
789309
_d
789309